00437nam a2200145Ia 4500008004100000020001500041041000800056082001800064100001800082245011800100250000600218260004400224300001400268650000900282210716s1999 xx 000 0 und d a9814035289 aeng a004.6001 MALJ aMaloney, jim. aDistributed com: application development using visual basic 6.0.bApplication development using visual basic 6.0. a1 aSingaporebAddison Wesley Longmanc1999 axviii,699 aNone